Properties of Refrigerant and Psychrometric: Tables and Charts in S. I. Units (Record no. 10691)

000 -LEADER
fixed length control field 00415nam a2200145Ia 4500
008 - FIXED-LENGTH DATA ELEMENTS--GENERAL INFORMATION
fixed length control field 200103s9999||||xx |||||||||||||| ||und||
020 ## - INTERNATIONAL STANDARD BOOK NUMBER
International Standard Book Number 8186270019
082 ## - DEWEY DECIMAL CLASSIFICATION NUMBER
Classification number Column-57
100 ## - MAIN ENTRY--PERSONAL NAME
Personal name Banwait, S. S. and Laroiya, S. C.
245 #0 - TITLE STATEMENT
Title Properties of Refrigerant and Psychrometric: Tables and Charts in S. I. Units
260 ## - PUBLICATION, DISTRIBUTION, ETC. (IMPRINT)
Name of publisher, distributor, etc Birla Publications, Delhi
Date of publication, distribution, etc 2003
300 ## - PHYSICAL DESCRIPTION
Extent 64
942 ## - ADDED ENTRY ELEMENTS (KOHA)
Item type Books
Holdings
Withdrawn status Lost status Damaged status Not for loan Shelving location Date acquired Barcode Date last seen Koha item type
          2020-01-08 MPC5304 2025-03-17 Books
Copyright © 2021 Indian Maritime University, Mumbai Port Campus. All Rights Reserved. Managed & Maintained by Central Library, IMU-Mumbai

webs counters

Powered by Koha